000 00627nam a22001817a 4500
999 _c15633
_d15633
008 201013b ||||| |||| 00| 0 eng d
020 _a9715503063
082 _21999
_aDFil 959.97
_bSch3
100 _aSchlegel, Stuart A.
_942298
245 _aWisdom from a rainforest:
_bthe spiritual journey of an Anthropologist/
_cStuart A. Schlegel
260 _aQuezon City:
_bADMU Press,
_c©1999.
300 _axiv, 269 pages;
_c23 cm.
500 _aIncludes index.
650 _aTiruray -- Social conditions.
_942299
650 _aDeforestation -- Mindanao.
_942300
650 _aRainforest -- Mindanao.
_942301
942 _2ddc
_cDFIL